DOC Italia '89/90, annuario degli enti di studio, cultura, ricerca e informazione.

Salvato in:
Dettagli Bibliografici
Ente Autore: INI
Natura: Libro
Lingua:italiano
Pubblicazione: Roma : Editoriale italiana, stampa 1989
Edizione:5. ed
Soggetti:
Tags: Aggiungi Tag
Nessun Tag, puoi essere il primo ad aggiungerne!!

MARC

LEADER 00000nam a22000007ib4500
001 IT\ICCU\UBO\0005630
003 ItRI
005 20260115232219.0
008 910516s1989 it |||||| ||||| |||||c
040 |b ita  |c importazione bologna sebina 
041 7 |a ita  |2 ISO-639-2 
082 |a 065  |9 ORGANIZZAZIONI GENERALI IN ITALIA E IN ALCUNI TERRITORI LIMITROFI  |2 19 
245 0 0 |a DOC Italia '89/90,  |p annuario degli enti di studio, cultura, ricerca e informazione. 
250 |a 5. ed 
260 |a Roma :  |b Editoriale italiana,  |c stampa 1989 
300 |a 1621 p. ;  |c 30 cm 
500 |a In testa al front.: Istituto nazionale dell'Informazione - INI 
650 7 |a Accademie e istituti culturali  |x Italia  |x Annuari  |2 scbi 
650 7 |a Istituti e centri scientifici  |x Italia  |x Annuari  |2 scbi 
650 7 |a Centri di documentazione  |x Italia  |x Annuari  |2 scbi 
710 2 |a INI  |0 IT\ICCU\CFIV\026915 
773 0 |w IT\ICCU\CFI\0108777  |t Doc Italia ... 
791 2 |a Istituto nazionale dell'informazione  |3 IT\ICCU\BASV\114198  |z INI 
942 |2 ddc  |c BK  |n 0 
952 |0 0  |1 0  |4 0  |6 DOC_010_000000000000000_DOC  |7 0  |9 22112  |a BO  |b BO  |d 2026-01-15  |i 12866  |l 0  |o DOC 010 DOC  |p BO12866  |r 2026-01-15 23:22:19  |w 2026-01-15  |x [Sebina 7] [1 v.]  |y BK  |z 1 v. 
999 |c 18899  |d 18899